| 000 | 01115nam a2200205Ia 4500 | ||
|---|---|---|---|
| 003 | Ost | ||
| 005 | 20260507074953.0 | ||
| 008 | 260507s9999||||xx |||||||||||||| ||und|| | ||
| 040 | _cfsecg | ||
| 041 | _aara | ||
| 082 | _a338.88 | ||
| 100 |
_aعباس، صلاح _eمؤلف |
||
| 245 | 0 |
_aالتكتلات الاقتصادية هل هى تحايل على الجات؟؟ / _c صلاح عباس |
|
| 260 |
_aالاسكندرية: _bمؤسسة شباب الجامعة, _c2006 |
||
| 300 |
_a128 صفحة؛ _bإيضاحات ؛ _c24 سم |
||
| 504 | _aببليوغرافيا:ص.127 | ||
| 520 | _aاتفاقية الجاتG.A.T.T(الاتفاقية العامة للتعريفات والتجارة)،التكتلات الاقتصادية هل هي تحايل على الجات؟؟،الشرق الأوسط الكبير،الكويز،أشكال التكامل الاقتصادي العربي،السوق العربية المشتركة،خطة مقترحة للتكامل الانتاجي العربي،تنافسية الدول العربية | ||
| 653 | _aالتكتلات الاقتصادية | ||
| 942 | _cكتاب | ||
| 999 |
_c42010 _d42010 |
||